Το δάσος δίπλα μου : η χρήση εκπαιδευτικού λογισμικού, ως εργαλείο διδασκαλίας και μάθησης σε περιβαλλοντικά θέματα
Αποθηκεύτηκε σε:
| Κύριος συγγραφέας: | |
|---|---|
| Συγγραφή απο Οργανισμό/Αρχή: | |
| Άλλοι συγγραφείς: | |
| Μορφή: | Thesis Βιβλίο |
| Γλώσσα: | Greek |
| Δημοσίευση: |
2008
|
| Θέματα: | |
| Διαθέσιμο Online: | http://hdl.handle.net/11610/15186 |
| Ετικέτες: |
Προσθήκη ετικέτας
Δεν υπάρχουν, Καταχωρήστε ετικέτα πρώτοι!
|
MARC
| LEADER | 00000cam a2200000 i 4500 | ||
|---|---|---|---|
| 001 | 1/103959 | ||
| 008 | 090408s2008 gre d | ||
| 035 | |l 10104246 | ||
| 040 | |a GR-MY-UA |b gre |e aacr | ||
| 041 | 0 | |a gre | |
| 082 | 0 | |a 372.357 |2 (22) | |
| 100 | 1 | |a Καλογηροπούλου, Αικατερίνη. | |
| 245 | 1 | 3 | |a Το δάσος δίπλα μου : |b η χρήση εκπαιδευτικού λογισμικού, ως εργαλείο διδασκαλίας και μάθησης σε περιβαλλοντικά θέματα / |c Αικατερίνη Δ. Καλογηροπούλου ; επιβλέπων καθηγητής: Δημητρακόπουλος Π. |
| 260 | |c 2008 | ||
| 300 | |a 129 σ.; |b πιν.; |c 30 εκ. | ||
| 500 | |a Βιβλιογραφία: σ. 107-112 | ||
| 502 | |a Διατριβή (μεταπτυχιακή) – Πανεπιστήμιο Αιγαίου, Λέσβος, 2008. | ||
| 650 | 0 | 0 | |a Environmental education |x Case studies. |
| 650 | 0 | 0 | |a School children |x Attitudes |x Case studies. |
| 650 | 0 | 0 | |a Environmental education |x Study and teaching. |
| 650 | 0 | 0 | |a Media programs (Education) |
| 650 | 0 | 0 | |a Audio-visual education. |
| 650 | 0 | 0 | |a Dissertations, Academic |z Greece. |
| 700 | 1 | |4 ths |a Δημητρακόπουλος, Παναγιώτης Γ. | |
| 710 | 2 | |a Πανεπιστήμιο Αιγαίου |b Σχολή Περιβάλλοντος |b Τμήμα Περιβάλλοντος |b Πρόγραμμα Μεταπτυχιακών Σπουδών Περιβαλλοντική Πολιτική και Διαχείριση. | |
| 852 | |a INST |b LESVOS |c DIATR |e 20090408 |h 483 |p 005100045324 |q 005100045324 |t MTXE |y 23 | ||
| 852 | |a INST |b LESVOS |c DIATR |e 20090408 |h 484 |p 005100045325 |q 005100045325 |t MTXE |y 23 | ||
| 856 | |u http://hdl.handle.net/11610/15186 | ||
| 901 | |a BIBL1-2009-1 | ||
| 909 | |a Λ |b 130339 | ||
| 909 | |a Λ |b 130338 | ||
| 924 | |a ΚΑΛΟΓΗΡΟΠΟΥΛΟΥ |b ΑΙΚΑΤΕΡΙΝΗ |y ΛΕΣΒΟΣ |z 2008-04 | ||
| 970 | |a ΤΖΑΦΕΡΗ |b ΕΥΑΓΓΕΛΙΑ |z 2009/04/08 | ||